000 01189cam a22002651i 4500
003 SA-RiAUC
005 20241024072123.0
008 241019s1997 le g 000 0 ara c
040 _aJO-AmJU
_bara
_cSA-RiAUC
_erda
082 0 4 _a251
_qSA-RiAUC
090 _a251
_bا ب ن م
100 1 _aابن المنذر، محمد بن إبراهيم بن المنذر،
_d242-319 هجرى
_eمؤلف.
245 1 2 _aالإقناع /
_cتأليف محمد بن إبراهيم بن المنذر النيسابوري ؛ تحقيق محمد حسن محمد حسن إسماعيل الشافعي، علاء علي علي غريب.
250 _aالطبعة الأولى.
264 1 _aبيروت :
_bدار الكتب العلمية،
_c1997
300 _a584 صفحة ؛
_c24 سم
336 _aنص
_btxt
_2rdacontent
_3كتاب
337 _aبدون وسيط
_bn
_2rdamedia
338 _aمجلد
_bnc
_2rdacarrier
650 7 _aأصول الفقه الإسلامي
_2aucsh
700 1 _aالشافعي، محمد حسن محمد حسن إسماعيل
_eمحقق.
700 1 _aغريب، علاء علي علي
_eمحقق.
942 _2ddc
_cBOOK
_n0
949 _aSA-JeALM
_d241019
_umohamedma123
_n1
999 _c1658
_d1658